| 000 | 01094nac a22003137a 4500 | ||
|---|---|---|---|
| 001 | BR9000262 | ||
| 003 | BR-BrBNA | ||
| 005 | 20240105121028.0 | ||
| 008 | 230509b bl.|||m| |||| 00| 0 por d | ||
| 040 |
_aBR-BrBNA _bpor _cBiblioteca Nacional de Agricultura |
||
| 072 | _aF30; F01 | ||
| 090 | _a0230 BR9000262 | ||
| 100 | 1 | _aSousa, M.C.M.R. de | |
| 100 | 1 | _aVerde, N.G.L. | |
| 110 | 1 | _aEmpresa de Pesquisa Agropecuaria do Ceara, Fortaleza (Brasil) | |
| 245 | 1 | _aIntroducao e avaliacao de cultivares/clones de cana-de-acucar na regiao de Ibiapaba | |
| 246 | 1 | _a[Introduction and evaluation of sugar-cane cultivars/clones at the Ibiapaba region, Ceara, Brazil] | |
| 260 | 3 |
_aFortaleza, CE (Brasil): _c1989. |
|
| 300 | _a4 p. | ||
| 490 |
_aPesquisa em Andamento - Empresa de Pesquisa Agropecuaria do Ceara (Brazil) _vno. 13 _x |
||
| 650 | _aCANA DE ACUCAR | ||
| 650 | _aCOMPORTAMENTO DE VARIEDADE | ||
| 650 | _aCLONE | ||
| 650 | _aINTRODUCAO DE PLANTA | ||
| 650 | _aRENDIMENTO | ||
| 650 | _aCEARA | ||
| 909 |
_a202312 _bLúcia Elande _c55 _dLúcia Elande |
||
| 942 |
_2AGRIS _n0 _cMS |
||
| 999 |
_c282868 _d282868 |
||